000 01294nam0a2200313 i 4500
001 RU\NLR\BIBL_A\011446927
005 20260407202416.0
010 _a9785987441190
_91000
021 _aRU
_b2017-49356
_93543
035 _a(RuMoRGB)008929900
035 _a(NLR Aleph) 011446927
090 _a11732458
_c11732458
100 _a20170801d2017 um y0rusy50 ca
101 1 _arus
_cger
102 _aRU
105 _aac||z|||000zy
200 1 _aДетская одежда
_eконструирование
_e[сборник]
_fCистема кроя "М. Мюллер и сын"
_g[перевод с немецкого: Ольга Резниченко
_gглавный редактор: Светлана Костенко]
210 _aМосква
_cКонлига Медиа
_d2017
215 _a219 с.
_cил.
_d30
225 1 _aБиблиотека журнала "Ателье"
606 1 _aДетская одежда
_xКонструирование
_9955824
_3RU\NLR\AUTH\66356198
686 _aМ416-2,0
_2rubbk
686 1 _aМ416-2
702 1 _aКостенко
_bС.
_gСветлана
_4340
712 0 2 _4570
_aМ. Мюллер и сын, система
_9763806
_3RU\NLR\AUTH\8810133829
942 _cBOOK
980 _aNBR